Geography Quiz

Random Geography or Asia Quiz

10 Closest Capitals to Seoul Quiz Stats

 Plays Quiz Updated May 12, 2019

Score 0/10 Timer 02:00
9 Plays Today
Capital % Correct
Beijing, China
96.6%
Tokyo, Japan
96.5%
Pyongyang, North Korea
93.1%
Hanoi, Vietnam
71%
Taipei, Taiwan
70.2%
Manila, Philippines
67.6%
Ulaanbaatar, Mongolia
53.9%
Vientiane, Laos
45.8%
Naypyidaw, Myanmar
15.6%
Ngerulmud, Palau
8.3%

You're not logged in!

Compare scores with friends on all Sporcle quizzes.
OR
Log In

Show Comments

Extras

Top Quizzes Today


Score Distribution

Your Account Isn't Verified!

In order to create a playlist on Sporcle, you need to verify the email address you used during registration. Go to your Sporcle Settings to finish the process.

Report this User

Report this user for behavior that violates our Community Guidelines.

Details: